Práca psychológa v obezitologickej ambulancii

Bibliographic Details
Main Author: Onačilová, Dagmar (Author)
Format: Article
Language:Slovak
PhysicalDescription:Obr.
ISSN:1336-4790
Subjects:

MARC

LEADER 00000nab a2200000 a 4500
001 vtls008876898
003 SK-MaSNL
005 20260304210402.0
008 141122c2005 xo 0 slo
015 |a SNBCL2005/5 
035 |a SLK036626 
040 |a SLKCL  |b slo  |c SNKBUCL  |e AACR2 
041 1 |a slo  |b eng  |b slo 
044 |a xo  |c SK 
080 |a 616-056.257-08:159.9.018  |2 1981 
100 1 |a Onačilová, Dagmar  |u Fyziologicko-rehabilitačné oddelenie, FNsP, pracovisko Staré Mesto, Bratislava  |4 aut  |9 645901 
245 1 0 |a Práca psychológa v obezitologickej ambulancii  |c Dagmar Onačilová 
246 1 0 |a Psychological work with obesity at ambulatory care facility 
246 1 1 |a Psychological work with obesity at ambulatory care facility 
300 |b Obr. 
504 |a Res. angl., slov. 
504 |a Bibliogr. odkazy 
650 0 7 |a obezita  |2 MESH  |9 2527 
650 0 7 |a psychológia  |2 MESH  |9 807 
650 0 7 |a poradenstvo  |2 MESH  |9 3604 
650 0 7 |a psychoterapia  |2 MESH  |9 2575 
650 0 7 |a kognitívna terapia  |2 MESH  |9 75464 
650 0 7 |a behaviorálna terapia  |2 MESH  |9 83566 
773 0 |t Via practica  |g Roč. 2, č. 12 s prílohou Gastroenterológia (2005), s. 506-508  |x 1336-4790 
850 |a Slovenská lekárska knižnica v Bratislave  |a BA006 
852 |a BA006  |b KIS3GCP  |b 000500000 
999 |c 3125857  |d 3127787